Die "Novelas ejemplares" von Cervantes : Wahrnehmung und Perspektive in der spanischen Novellistik der frühen Neuzeit /

Bibliographic Details
Main Author: Schmauser, Caroline
Format: Book
Language:German
Spanish
Published: Tübingen : Niemeyer, 1996.
Series:Mimesis ; Bd. 25.
Subjects:

MARC

Tag First Indicator Second Indicator Subfields
LEADER 00000cam a2200000 a 4500
001 in00001402990
005 20151020053113.0
008 960729s1996 gw a b 001 0 ger
010 |a  96174158  
020 |a 3484550252 (alk. paper) :  |c DM88.00 
035 |a (OCoLC)36177959 
035 |9 AHM7036AM 
040 |a DLC  |c DLC  |d TXA  |d UtOrBLW 
041 0 |a ger  |a spa 
049 |a TXAM 
050 0 0 |a PQ6324.Z5  |b S3 1996 
082 0 0 |a 863/.3  |2 21 
100 1 |a Schmauser, Caroline. 
245 1 5 |a Die "Novelas ejemplares" von Cervantes :  |b Wahrnehmung und Perspektive in der spanischen Novellistik der frühen Neuzeit /  |c Caroline Schmauser. 
264 1 |a Tübingen :  |b Niemeyer,  |c 1996. 
300 |a viii, 233 pages :  |b illustrations ;  |c 22 cm. 
336 |a text  |b txt  |2 rdacontent 
337 |a unmediated  |b n  |2 rdamedia 
338 |a volume  |b nc  |2 rdacarrier 
490 1 |a Mimesis,  |x 0178-7489 ;  |v 25 
504 |a Includes bibliographical references (pages 219-229) and index. 
600 1 0 |a Cervantes Saavedra, Miguel de,  |d 1547-1616.  |t Novelas ejemplares. 
830 0 |a Mimesis ;  |v Bd. 25. 
948 |a c:jlg 
999 |a MARS 
999 f f |s 15ebc2b5-2791-38f4-8947-e60561e38334  |i f016c21e-03e5-3e20-9e58-6f2c23834cfc  |t 0 
952 f f |p ric  |a Texas A&M University  |b Rellis Campus  |c Joint Library Facility  |d Remote Storage  |t 0  |e PQ6324.Z5 S3 1996  |h Library of Congress classification  |i unmediated -- volume  |m A14822540405 
998 f f |a PQ6324.Z5 S3 1996  |t 0  |l Remote Storage